Pays dont les voyelles ont été changées en O - Statistiques

Statistiques générales
  • Ce quiz a été pris 30 399 fois
  • Le résultat moyen est 18 sur 20
Statistiques - réponses
Poos Pays % Correct
Conodo Canada
97%
Hongroo Hongrie
97%
Jopon Japon
97%
Portogol Portugal
97%
Ofghonoston Afghanistan
96%
Bohomos Bahamas
96%
Colomboo Colombie
96%
Donomork Danemark
96%
Fronco France
96%
Gobon Gabon
96%
Groco Grèce
96%
Jomooqoo Jamaïque
96%
Jordonoo Jordanie
96%
Loxomboorg Luxembourg
96%
Modogoscor Madagascar
96%
Molto Malte
96%
Moroc Maroc
96%
Monoco Monaco
96%
Mongoloo Mongolie
96%
Montonogro Monténégro
96%
Nopol Népal
96%
Nogor Niger
96%
Norvogo Norvège
96%
Pologno Pologne
96%
Qotor Qatar
96%
Sonogol Sénégal
96%
Tchod Tchad
96%
Vonozoolo Venezuela
96%
Zombobwo Zimbabwe
96%
Chono Chine
95%
Crootoo Croatie
95%
Ospogno Espagne
95%
Fodjo Fidji
95%
Fonlondo Finlande
95%
Loos Laos
95%
Moxoqoo Mexique
95%
Moldovoo Moldavie
95%
Pokoston Pakistan
95%
Ponomo Panama
95%
Pholopponos Philippines
95%
Songopoor Singapour
95%
Slovoqooo Slovaquie
95%
Tonzonoo Tanzanie
95%
Ollomogno Allemagne
94%
Bonglodosh Bangladesh
94%
Brosol Brésil
94%
Combodgo Cambodge
94%
Comoroon Cameroun
94%
Cholo Chili
94%
Chopro Chypre
94%
Goorgoo Géorgie
94%
Ghono Ghana
94%
Orok Irak
94%
Kozokhston Kazakhstan
94%
Kosovo Kosovo
94%
Rossoo Russie
94%
Rwondo Rwanda
94%
Slovonoo Slovénie
94%
Thoolondo Thaïlande
94%
Torqooo Turquie
94%
Vootnom Viêt Nam
94%
Bolgoqoo Belgique
93%
Bolovoo Bolivie
93%
Cobo Cuba
93%
Gootomolo Guatemala
93%
Lobon Liban
93%
Mozomboqoo Mozambique
93%
Roomonoo Roumanie
93%
Toowon Taïwan
93%
Zomboo Zambie
93%
Ondorro Andorre
92%
Bolgoroo Bulgarie
92%
Hondoros Honduras
92%
Lottonoo Lettonie
92%
Molo Mali
92%
Oozbokoston Ouzbékistan
92%
Sorboo Serbie
92%
Togo Togo
92%
Olbonoo Albanie
91%
Bonon Bénin
91%
Botswono Botswana
91%
Djobooto Djibouti
91%
Domonoqoo Dominique
91%
Oslondo Islande
91%
Soodon Soudan
91%
Torkmonoston Turkménistan
91%
Ondo Inde
90%
Kowoot Koweït
90%
Nomoboo Namibie
90%
Nocorogoo Nicaragua
90%
Soochollos Seychelles
90%
Somoloo Somalie
90%
Ongolo Angola
89%
Ootrocho Autriche
89%
Ozorboodjon Azerbaïdjan
89%
Comoros Comores
89%
Loochtonstoon Liechtenstein
89%
Nogoroo Nigeria
89%
Poroo Pérou
89%
Boolorossoo Biélorussie
88%
Bormonoo Birmanie
88%
Molowo Malawi
88%
Omon Oman
88%
Oogondo Ouganda
88%
Soosso Suisse
88%
Todjokoston Tadjikistan
88%
Ogopto Égypte
87%
Gomboo Gambie
87%
Osrool Israël
87%
Bhooton Bhoutan
86%
Gronodo Grenade
86%
Hooto Haïti
86%
Losotho Lesotho
86%
Oron Iran
85%
Moloosoo Malaisie
85%
Korghozoston Kirghizistan
84%
Lotoonoo Lituanie
84%
Orgontono Argentine
83%
Oostroloo Australie
83%
Soronomo Suriname
83%
Oqootoor Équateur
82%
Ormonoo Arménie
81%
Bohroon Bahreïn
81%
Borbodo Barbade
81%
Bolozo Belize
81%
Porogooo Paraguay
81%
Olgoroo Algérie
80%
Borondo Burundi
80%
Orlondo Irlande
80%
Moorotonoo Mauritanie
80%
Ostonoo Estonie
79%
Moldovos Maldives
79%
Soroo Syrie
79%
Othoopoo Éthiopie
78%
Ondonosoo Indonésie
78%
Konoo Kenya
78%
Bronoo Brunei
77%
Loboo Libye
77%
Tongo Tonga
77%
Tonosoo Tunisie
77%
Tovolo Tuvalu
76%
Okroono Ukraine
76%
Orothroo Érythrée
75%
Poloos Palaos
74%
Oswotono Eswatini
72%
Goonoo Guinée
72%
Otoloo Italie
72%
Somoo Samoa
72%
Koroboto Kiribati
71%
Vonooto Vanuatu
71%
Loboroo Liberia
69%
Soodo Suède
67%
Nooro Nauru
65%
Mooroco Maurice
52%
Orogooo Uruguay
40%
Oomon Yémen
39%
Gooono Guyana
29%
Aucun quiz correspondant
Distribution des résultats
% des personnes avec chaque résultat
Percentile par nombre de réponses
Votre historique - résultats
Vous n’avez pas pris ce quiz